Normal view MARC view

Entry Nombre geográfico

Number of records used in: 18

001 - NÚMERO DE CONTROL

  • campo de control: 168873

003 - IDENTIFICADOR DE NÚMERO DE CONTROL

  • campo de control: OSt

005 - FECHA Y HORA DE LA ÚLTIMA TRANSACCIÓN

  • campo de control: 20240228170000.0

008 - ELEMENTOS DE DATO DE LONGITUD-FIJA

  • campo de control de longitud fija: 191125 b azzaaaaaa a aaa d

040 ## - FUENTE DE CATALOGACIÓN

  • Centro catalogador/agencia de origen: OSt
  • Centro/agencia transcriptor: OSt

151 ## - ENCABEZAMIENTO--NOMBRE GEOGRÁFICO

  • Nombre geográfico: España-
  • Subdivisión general: Historia-
  • Subdivisión cronológica: 218 a.C.-414 d.C. (Época romana)

451 ## - TRAZADO DE VÉASE--NOMBRE GEOGRÁFICO

  • Nombre geográfico: España-
  • Subdivisión general: Historia-
  • Subdivisión cronológica: 0218-0414, Época romana